Normal view
MARC view
Entry Topical Term
001 - CONTROL NUMBER
- control field: 701
003 - CONTROL NUMBER IDENTIFIER
- control field: csc
005 - DATE AND TIME OF LATEST TRANSACTION
- control field: 20140507162052.0
008 - FIXED-LENGTH DATA ELEMENTS
- fixed length control field: 130215|| aca||aabn | a|a d
040 ## - CATALOGING SOURCE
- Original cataloging agency: csc
- Transcribing agency: csc
150 ## - HEADING--TOPICAL TERM
- Topical term or geographic name entry element: English poetry
- General subdivision: Translations from Chinese.
670 ## - SOURCE DATA FOUND
- Source citation: Work cat.: (csc)90: Cooper, Arthur, 1916-1988. 89, Li Po and Tu Fu, 1973